Castor sastre / (Registro nro. 3364)
[ vista simple ]
| 000 -LEADER | |
|---|---|
| fixed length control field | 00963nam a2200241Ia 4500 |
| 003 - CONTROL NUMBER IDENTIFIER | |
| control field | OSt |
| 005 - DATE AND TIME OF LATEST TRANSACTION | |
| control field | 20200330123550.0 |
| 008 - FIXED-LENGTH DATA ELEMENTS--GENERAL INFORMATION | |
| fixed length control field | 191128t2012 ck a br 000 1 spa d |
| 020 ## - INTERNATIONAL STANDARD BOOK NUMBER | |
| International Standard Book Number | 9789581414093 |
| 040 ## - CATALOGING SOURCE | |
| Original cataloging agency | CO-JMCR |
| Transcribing agency | CO-JMCR |
| 041 ## - LANGUAGE CODE | |
| Language code of text/sound track or separate title | spa |
| 082 04 - DEWEY DECIMAL CLASSIFICATION NUMBER | |
| Classification number | A / |
| Item number | KLIc |
| 100 ## - MAIN ENTRY--PERSONAL NAME | |
| Personal name | Klinting, Lars, |
| Relator term | autor |
| 9 (RLIN) | 2035 |
| 245 #0 - TITLE STATEMENT | |
| Title | Castor sastre / |
| Statement of responsibility, etc. | Lars Klinting |
| 260 ## - PUBLICATION, DISTRIBUTION, ETC. | |
| Place of publication, distribution, etc. | Bogotá : |
| Name of publisher, distributor, etc. | Plaza y Janes : Zendrera Zriquiey, |
| Date of publication, distribution, etc. | ©2012 |
| 300 ## - PHYSICAL DESCRIPTION | |
| Extent | [33] páginas sin numerar : |
| Other physical details | ilustraciones a color ; |
| Dimensions | 22 cm. |
| 500 ## - GENERAL NOTE | |
| General note | Recomendado para niños mayores de 4 años. |
| 520 ## - SUMMARY, ETC. | |
| Summary, etc. | Castor sastre está muy atareado. Hoy se está haciendo un delantal nuevo. Tras tomarse las medidas, dibuja un patrón. Utiliza aguja e hilo para hilvanar los bolsillos y los dobladillos, y unas tijeras para cortar las cintas. |
| 546 ## - LANGUAGE NOTE | |
| Language note | spa |
| 650 14 - SUBJECT ADDED ENTRY--TOPICAL TERM | |
| Topical term or geographic name entry element | Castores en la literatura |
| 9 (RLIN) | 2037 |
| General subdivision | album |
| 650 14 - SUBJECT ADDED ENTRY--TOPICAL TERM | |
| Topical term or geographic name entry element | Animales en la literatura |
| 9 (RLIN) | 633 |
| General subdivision | album |
| 942 ## - ADDED ENTRY ELEMENTS (KOHA) | |
| Source of classification or shelving scheme | Dewey Decimal Classification |
| Koha item type | Books |
| Withdrawn status | Lost status | Source of classification or shelving scheme | Damaged status | Not for loan | Collection code | Home library | Current library | Date acquired | Source of acquisition | Cost, normal purchase price | Total Checkouts | Full call number | Barcode | Date last seen | Date last checked out | Copy number | Price effective from | Koha item type |
|---|---|---|---|---|---|---|---|---|---|---|---|---|---|---|---|---|---|---|
| Dewey Decimal Classification | Fiction | Biblioteca Pública José María del Castillo y Rada | Biblioteca Pública José María del Castillo y Rada | 11/28/2019 | Donación | 0.00 | 10 | A / KLIc | 201807015 | 02/16/2026 | 02/16/2026 | Ej.1 | 11/28/2019 | Books |